La rhétorique (notice n° 2027581)
[ vue normale ]
| 000 -LEADER | |
|---|---|
| fixed length control field | 00884cam a2200133 4500500 |
| 005 - DATE AND TIME OF LATEST TRANSACTION | |
| control field | 20260329082238.0 |
| 041 ## - LANGUAGE CODE | |
| Language code of text/sound track or separate title | fre |
| 042 ## - AUTHENTICATION CODE | |
| Authentication code | dc |
| 100 10 - MAIN ENTRY--PERSONAL NAME | |
| Personal name | Gardes Tamine, Joëlle |
| Relator term | author |
| 245 00 - TITLE STATEMENT | |
| Title | La rhétorique |
| 260 ## - PUBLICATION, DISTRIBUTION, ETC. | |
| Name of publisher, distributor, etc. | Armand Colin,<br/> |
| Date of publication, distribution, etc. | 2011.<br/> |
| 520 ## - SUMMARY, ETC. | |
| Summary, etc. | L'originalité de ce manuel est de présenter la rhétorique en la mettant en relation avec les caractéristiques propres à l'homme : esprit, cœur, passions...Toutes les figures de rhétorique et d'argumentation sont présentées, illustrées de très nombreuses citations. Cette nouvelle édition est enrichie de nouvelles applications : Michelet Le Peuple (construction de l’ethos), Segalen Stèles « Mon amante a les vertus de l’eau » (l’allégorie), Rimbaud "Oraison du soir" (l’ironie). |
| 856 41 - ELECTRONIC LOCATION AND ACCESS | |
| Uniform Resource Identifier | <a href="https://shs.cairn.info/la-rhetorique--9782200269999?lang=fr&redirect-ssocas=7080">https://shs.cairn.info/la-rhetorique--9782200269999?lang=fr&redirect-ssocas=7080</a> |
Pas d'exemplaire disponible.




Réseaux sociaux